| 000 | 00479nam a2200109Ia 4500 | ||
|---|---|---|---|
| 008 | 171212s9999 xx 000 0 und d | ||
| 100 | _aPane, John F.;Steiner, Elizabeth D.;Baird, Matthew D.;Hamilton, Laura S. | ||
| 245 |
_cPane, John F.;Steiner, Elizabeth D.;Baird, Matthew D.;Hamilton, Laura S. _aContinued Progress _bPromising Evidence on Personalized Learning |
||
| 260 |
_bRAND Corporation _c2015 |
||
| 650 | _aEducation | ||
| 856 | _uhttp://jstor.org/stable/10.7249/j.ctt19w73mb | ||
| 999 |
_c351890 _d351890 |
||